Razón y violencia (Registro nro. 175726)

Detalles MARC
000 -LEADER
campo de control de longitud fija 00963nam a22002415i 4500
001 - NÚMERO DE CONTROL
campo de control 175726
003 - IDENTIFICADOR DE NÚMERO DE CONTROL
campo de control ES-MaACL
005 - FECHA Y HORA DE LA ÚLTIMA TRANSACCIÓN
campo de control 20250715193810.0
008 - DATOS DE LONGITUD FIJA--INFORMACIÓN GENERAL
campo de control de longitud fija 101118s1973 sp |||| | spa d
080 ## - NÚMERO DE LA CLASIFICACIÓN DECIMAL UNIVERSAL
Número de la Clasificación Decimal Universal 1 Sartre, Jean-Paul
100 0# - ENTRADA PRINCIPAL--NOMBRE DE PERSONA
Nombre de persona Laing, Ronald David.
9 (RLIN) 69695
245 10 - MENCIÓN DEL TÍTULO
Título Razón y violencia
Resto del título : una década de pensamiento sartreano /
Mención de responsabilidad, etc. R. D. Laing y D. G. Cooper ; prefacio de Jean-Paul Sartre ; [versión castellana Martha Eguía].
260 ## - PUBLICACIÓN, DISTRIBUCIÓN, ETC.
Lugar de publicación, distribución, etc. Buenos Aires :
Nombre del editor, distribuidor, etc. Paidós,
Fecha de publicación, distribución, etc. imp. 1973.
300 ## - DESCRIPCIÓN FÍSICA
Extensión 146 p. ;
Dimensiones 23 cm.
490 1# - MENCIÓN DE SERIE
Mención de serie Biblioteca de psicología social y sociología ;
Designación de volumen o secuencia 39
594 ## - Nota al título y mención de responsabilidad
Nota al título y mención de responsabilidad Tít. original: Reason and violence.
600 14 - PUNTO DE ACCESO ADICIONAL DE MATERIA--NOMBRE DE PERSONA
Nombre de persona Sartre, Jean-Paul,
Fechas asociadas al nombre 1905-1980-
Subdivisión de forma Crítica e interpretación
9 (RLIN) 103900
700 1# - ENTRADA AGREGADA--NOMBRE PERSONAL
Nombre de persona Cooper, D. G.
9 (RLIN) 144015
700 1# - ENTRADA AGREGADA--NOMBRE PERSONAL
Nombre de persona Eguía, Marta Susana.
9 (RLIN) 144016
830 0# - PUNTO DE ACCESO ADICIONAL DE SERIE-TÍTULO UNIFORME
Título uniforme Biblioteca de psicología social y sociología ;
Designación de volumen o secuencia 39
9 (RLIN) 223915
852 ## - LOCALIZACIÓN
Ubicación ES-MaACL
Número de control de estantería E-13574
Existencias
Estatus retirado Estado de pérdida Estado de daño No para préstamo Biblioteca de origen Biblioteca actual Ubicación en estantería Fecha de adquisición Fuente de adquisición Total de préstamos Signatura topográfica completa Código de barras Visto por última vez Precio de reemplazo Tipo de ítem Koha
        Biblioteca del Ateneo de Madrid Biblioteca del Ateneo de Madrid Depósito 2 18/11/2010     E-13574 1184531 23/02/2023 23/02/2023 Libro impreso